Music Quiz

Random Music or Color Quiz

Orange Albums Quiz Stats

Quiz not verified by Sporcle

Also try: Yellow Albums
Challenge
Share
Tweet
Score 0/15 Timer 08:00
0 Plays Today
% Correct
Magical Mystery Tour- The Beatles
89.8%
Electric Ladyland- The Jimi Hendrix Experience
73.3%
Songs in the Key of Life- Stevie Wonder
64.9%
Funeral- Arcade Fire
59.1%
Low- David Bowie
56.9%
Kinks- The Kinks
40.4%
Here's Little Richard- Little Richard
37.3%
Alpocalypse-'Weird Al' Yankovic
24.9%
% Correct
Only Built 4 Cuban Linx...- Raekwon
20.4%
Songs for Swingin' Lovers!- Frank Sinatra
12%
The Stage Names- Okkervil River
9.8%
Worship Music- Anthrax
7.6%
To Our Children's Children's Children- The Moody Blues
6.2%
The Serpent Is Rising- Styx
5.3%
To Be Loved- Michael Bublé
4.9%

You're not logged in!

Compare scores with friends on all Sporcle quizzes.
Join for Free
OR
Log In

You Might Also Like...

Show Comments

Extras

Top Quizzes Today


Score Distribution

Your Account Isn't Verified!

In order to create a playlist on Sporcle, you need to verify the email address you used during registration. Go to your Sporcle Settings to finish the process.

Report this User

Report this user for behavior that violates our Community Guidelines.

Details: